Reales ordenanzas para la dirección, régimen y gobierno del importante cuerpo de la minería de Nueva España y de su Real Tribunal General /
Uloženo v:
| Médium: | Kniha |
|---|---|
| Jazyk: | španělština |
| Témata: | |
| Tagy: |
Žádné tagy, Buďte první, kdo vytvoří štítek k tomuto záznamu!
|
MARC
| LEADER | 00000nam^a2200000^a^4500 | ||
|---|---|---|---|
| 001 | 000125129 | ||
| 005 | 20250526000000.0 | ||
| 009 | 20260526123310.156 | ||
| 037 | |a Acervo ITESO - Biblioteca | ||
| 041 | |a ESP | ||
| 082 | |a 346. 720751 |b REA | ||
| 245 | 0 | 0 | |a Reales ordenanzas para la dirección, régimen y gobierno del importante cuerpo de la minería de Nueva España y de su Real Tribunal General / |
| 264 | |a Madrid, España : |b editorial no identificada, |c 1783 | ||
| 300 | |a XLVI, 214 p. ; |c 29.5 cm. | ||
| 649 | |a XX | ||
| 650 | |a Minería - |z México - |x Leyes y Reglamentos | ||
| 650 | |a Minería - |z México - |x Historia - |y Epoca Colonial, 1517-1821 | ||
| 650 | |a Recursos Naturales - |z México | ||
| 650 | |a Derecho Mercantil - |z México | ||
| 650 | |a Derecho Público - |z México | ||
| 650 | |a México - |x Historia - |y Virreinato, 1535-1821 | ||
| 650 | |a México - |x Historia - |y Epoca Colonial, 1517-1821 | ||
| 910 | |a Fondo Salvador Reynoso Reynoso | ||
| 920 | |a Impresos - Libros | ||
| 930 | |a Libros Antiguos y Raros | ||
| 905 | |a 108 | ||
| 901 | |a 0800008043 |b IT2 |c LRA |u 20250526 | ||
| 902 | |a https://opac.biblio.iteso.mx/vufind/Record/000125129 | ||